Türkiye Büyük Millet Meclisi (Record no. 2794)

MARC details
000 -BAŞLIK
Sabit Uzunlukta Kontrol Alanı 00617na a2200217 4500
001 - KONTROL NUMARASI
Denetim Alanı 18145
003 - KONTROL NUMARASI IDENTIFIER
Denetim Alanı MIRAKIL
005 - SON İŞLEM TARİHİ VE ZAMANI
Denetim Alanı 20181213154909.0
008 - SABİT-BOY VERİ ELEMANLARI - GENEL BİLGİLER
Sabit Uzunlukta Kontrol Alanı 161112b tu 000 0
040 ## - KATALOGLAMA KAYNAK
Orijinal Kataloglama Ajansı Milas
Kataloglama Dili tur
Metne Dönüştürmek Ajansı TR-AnCHP
041 ## - DİL KODU
Metin / Ses Parça Veya Ayrı Başlığın Dil Kodu tur
082 ## - DEWEY ONLU SINIFLANDIRMA NUMARASI
Sınıflandırma Numarası 328.561
Ürün Numarası K26t 1968
090 ## - SINIFLAMA NUMARASI
Sınıflama Numarası 328.561 K26t 1968
100 ## - ANA GİRİŞ - KİŞİSEL İSİM
Kişisel Ad Karaibrahimoğlu, Sacit
245 ## - BAŞLIK TABLOSU
Başlık Türkiye Büyük Millet Meclisi
Sorumluluk Tablosu, Vb Sacit Karaibrahimoğlu
246 ## - UNVAN FORM VARYING
Başlık Doğru / Kısa Başlığı TBMM
260 ## - YAYIN, DAĞITIM, VB
Yayın, Dağıtım, Vb Yeri Ankara
Yayıncı, Dağıtıcı, Vs Adı [yayl. y.]
Yayın, Dağıtım, Vb Tarihi 1968
Üretici Firma Ege Matbaası
300 ## - FİZİKSEL TANIM
Kapsam 302, iv s.
Diğer Fiziksel Ayrıntıları fotg.
Boyutlar 23 sm.
610 ## - KONU KATMA GİRİŞ - TOPLANTI ADI
Giriş Elemanı Olarak Kurumsal Ad Veya Yargı Alanı Adı Türkiye Büyük Millet Meclisi (TBMM)
Genel Alt Bölüm Tarih
942 ## - EKLENDİ GİRİŞ ELEMANLARI (KOHA)
Sınıflandırma Veya Raf Düzeni Kaynak Dewey Decimal Classification
Koha Öğesi Türü Books
999 ## - SİSTEM KONTROL NUMARALARI (KOHA)
Koha Biblionumber 2794
Koha Biblioitemnumber 2794
Holdings
Kalıcı Konum Mevcut Konum Edinme Tarihi Edinim Kaynak Toplam Check-Out'Lar Tam Çağrı Numarası Barkod Tarih Son Görülme İtibaren Geçerli Fiyatlar Koha Öğesi Türü
CHP Kütüphanesi CHP Kütüphanesi 11/12/2016 Bağış   328.561 K26t 1968 009422 11/12/2016 11/12/2016 Books